00436nam a22001577a 450000500170000001000150001702000100003203500130004203700130005508200060006810000140007424500870008826000410017527000430021630000190025920100818151211.0 aENG-100864 c60.00 aEN-84397 bDBAD/PUB aN aShanthi,D aIdentity crises in Mulk Raj Anand 's novel coolie and untouchable /cby D Shanthi  aPerambalurbMercury Publishersc2007 aMercury PublishersbPerambalure621212 a80pc19cm(pbk)